K niektorým otázkam bytovej politiky a bývania
Bytová politika ako jedna z oblastí spoločenskej praxe. Pojem bývanie a byt. Vývoj v oblasti bývania po roku 1948 a koncepcia politiky bývania v SR po roku 1989. Pojmy bývanie a byt z hľadiska ekonomického členenia statkov. Nové názory na miesto štátnej politiky bývania v rámci subsystémov verejného...
Saved in:
| Main Author: | |
|---|---|
| Format: | Book Chapter |
| Language: | Slovak |
| Subjects: | |
| Tags: |
No Tags, Be the first to tag this record!
|
MARC
| LEADER | 00000naa$a2200000$$$4500 | ||
|---|---|---|---|
| 001 | 0021257 | ||
| 005 | 20231106081652.3 | ||
| 041 | 0 | |a slo | |
| 044 | |a SK | ||
| 245 | 1 | 0 | |a K niektorým otázkam bytovej politiky a bývania |c Ján Kútik |
| 520 | |a Bytová politika ako jedna z oblastí spoločenskej praxe. Pojem bývanie a byt. Vývoj v oblasti bývania po roku 1948 a koncepcia politiky bývania v SR po roku 1989. Pojmy bývanie a byt z hľadiska ekonomického členenia statkov. Nové názory na miesto štátnej politiky bývania v rámci subsystémov verejného sektora. | ||
| 610 | 2 | 0 | |a byty |
| 610 | 2 | 0 | |a bývanie |
| 610 | 2 | 0 | |a Slovensko |
| 610 | 2 | 0 | |a výstavba bytová |
| 610 | 2 | 0 | |a koncepcie |
| 100 | 1 | |a Kútik, Ján | |